Medzinárodný obchod so službami cestovného ruchu v EÚ – historické a súčasné perspektívy
Medzinárodný obchod so službami. Základné členenie služieb cestovného ruchu - oblasť dopravy, ubytovania a stravovania, ako aj služby cestovných kancelárií a cestovných agentúr. Internacionalizácia európskeho hospodárstva so službami. Vývoj exportu a importu služieb cestovného ruchu v EÚ28 (2008-201...
Salvato in:
| Autore principale: | |
|---|---|
| Altri autori: | |
| Natura: | Capitolo di libro |
| Lingua: | slovacco |
| Soggetti: | |
| Tags: |
Nessun Tag, puoi essere il primo ad aggiungerne!!
|
MARC
| LEADER | 00000naa$a2200000$$$4500 | ||
|---|---|---|---|
| 001 | 0249390 | ||
| 005 | 20240502074004.1 | ||
| 041 | 0 | |a slo | |
| 044 | |a SK | ||
| 245 | 1 | 0 | |a Medzinárodný obchod so službami cestovného ruchu v EÚ – historické a súčasné perspektívy |c Monika Krošláková, Jozef Gáll |
| 520 | |a Medzinárodný obchod so službami. Základné členenie služieb cestovného ruchu - oblasť dopravy, ubytovania a stravovania, ako aj služby cestovných kancelárií a cestovných agentúr. Internacionalizácia európskeho hospodárstva so službami. Vývoj exportu a importu služieb cestovného ruchu v EÚ28 (2008-2016). Miera rastu exportu a importu služieb cestovného ruchu v EÚ28. Obchodná bilancia dopravných služieb EÚ28 v roku 2016. Vývoj exportu a importu služieb cestovného ruchu popredných svetových krajín (2008-2016). | ||
| 610 | 2 | 0 | |a ruch cestovný |
| 610 | 2 | 0 | |a služby |
| 610 | 2 | 0 | |a doprava |
| 610 | 2 | 0 | |a ubytovanie |
| 610 | 2 | 0 | |a stravovanie spoločné |
| 610 | 2 | 0 | |a maloobchod |
| 610 | 2 | 0 | |a obchod medzinárodný |
| 610 | 2 | 0 | |a analýzy |
| 100 | 1 | |a Krošláková, Monika, 1975- | |
| 700 | 1 | |a Gáll, Jozef, 1991- | |